00241nam a2200097Ia 4500008004100000082001700041100002700058245002500085260001800110600001500128241002s9999 xx 000 0 und d a646.7042 NOR aNorth Coteparkinson C. 0aMrs. Parkinson's law aLondon:c1969 aLiterature